000 00587nam a2200229Ia 4500
003 OSt
005 20220918225553.0
006 a|||||r|||| 00| 0
007 ta
008 220917b |||||||| |||| 00| 0 eng d
024 _a242,948
037 _cTextual
040 _aARTS
_cARTS
_beng
041 _2eng
_aeng
082 _aN50Q031, K0
100 _aMalraux Andre
_961680
245 0 _aMetamorphosis of the gods
260 _aLondon
_bSecker and Warburg
_c1960
650 _aARTS
942 _hN50Q031, K0
_cTEXL
_2CC
999 _c285094
_d285094